000 00371nam a2200109Ia 4500
008 220217s9999||||xx |||||||||||||| ||und||
100 _aBersinic, Damir Rose, Todd &Sabinin, Yury
_92790
245 0 _aOracle 8i DBA architecture and administration
260 _aIDG books india Pvt. Ltd.
_bNew Delhi
_c2002
300 _aXXIII,1167p
_b499
650 _aPROGRAMMING LANGUAGE
999 _c170114
_d170114